Geography starting with L - Statistics

General Stats
  • This quiz has been taken 126 times
  • The average score is 7 of 10
Answer Stats
Letters Clue Answer % Correct
4 South American capital Lima
95%
9 Baltic nation Lithuania
94%
10 France borders this country Luxembourg
90%
13 Country sandwiched between Austria and Switzerland Liechtenstein
85%
6 Second most populated Pakistan city Lahore
71%
5 Largest island in Philippines Luzon
64%
12 Crosses River Thames London Bridge
57%
7 Largest enclave,landlocked country Lesotho
54%
8 African capital Lilongwe
37%
11 German state bordering Netherlands Lower Saxony
14%
No matching quizzes found
Score Distribution
Percent of People with Each Score
Percentile by Number Answered
Your Score History
You have not taken this quiz